00000000cam 2200000zi 4500
0019.960946
003CaOODSP
00520260515115656
006m     o  d f      
007cr |n|||||||||
008260313e202604  oncbd   ob   f000 0 fre d
020 |a9780660989914
040 |aCaOODSP|bfre|erda|cCaOODSP
043 |an-cn---
0861 |aFs70-5/2026-029F-PDF
1001 |aAndrushchenko, I., |eauteur.
24510|aÉvaluation de la stratégie de gestion de la goberge de l'Ouest : |bmodélisation de la population, conditionnement du modèle opérationnel et points de référence / |cAndrushchenko, I., Yin, Y., Clark, C.M., Martin, R.M. et Barrett, T.J.
264 1|aOttawa (Ontario) ; |bSecrétariat canadien de consultation scientifique (SCCS), |cavril 2026.
264 4|c©2026
300 |a1 ressource en ligne (v, 102 pages) : |bcartes, graphiques.
336 |atexte|btxt|2rdacontent/fre
337 |ainformatique|bc|2rdamedia/fre
338 |aressource en ligne|bcr|2rdacarrier/fre
4901 |aDocument de recherche, |x2292-4272 ; |v2026/029
500 |aPublié aussi en anglais sous le titre : Western Component Pollock management strategy evaluation : population modeling, operating model conditioning and reference points.
504 |aComprend des références bibliographiques (pages 34-36).
650 6|aGoberge|xPêche commerciale|zAtlantique Nord|xGestion.
7101 |aCanada. |bMinistère des pêches et des océans. |bRégion des Maritimes, |eorganisme de publication.
7102 |aSecrétariat canadien de consultation scientifique, |eorganisme de publication.
77508|tWestern Component Pollock management strategy evaluation : |w(CaOODSP)9.960945
830#0|aDocument de recherche (Secrétariat canadien de consultation scientifique)|v2026/029.|w(CaOODSP)9.503788
85640|qPDF|s9.41 Mo|uhttps://publications.gc.ca/collections/collection_2026/mpo-dfo/fs70-5/Fs70-5-2026-029-fra.pdf